|
|
|
|
| LEADER |
00000nam0a2200000 4500 |
| 001 |
342314 |
| 005 |
20231102005435.0 |
| 010 |
|
|
|a 9785438706496
|
| 035 |
|
|
|a (RuTPU)RU\TPU\book\371042
|
| 035 |
|
|
|a RU\TPU\book\344020
|
| 090 |
|
|
|a 342314
|
| 100 |
|
|
|a 20190124d2016 km y0rusy50 ca
|
| 101 |
1 |
|
|a rus
|c eng
|
| 102 |
|
|
|a RU
|
| 105 |
|
|
|a a z 001zy
|
| 200 |
1 |
|
|a Постигая вольтамперометрию
|e пер. с англ.
|f Р. Г. Комптон, К. Е. Бэнкс
|g Национальный исследовательский Томский политехнический университет (ТПУ)
|
| 205 |
|
|
|a 2-е изд., перераб.
|
| 210 |
|
|
|a Томск
|c Изд-во ТПУ
|d 2016
|
| 215 |
|
|
|a 503 с.
|c ил.
|
| 320 |
|
|
|a Библиография в конце глав
|
| 320 |
|
|
|a Предметный указатель: с. 493-501
|
| 330 |
|
|
|a Вольтамперометрия (BA) - быстро развивающийся раздел электрохимии, нашёл широкое применение в анализе следовых количеств неорганических и органических веществ. Однако ВА является также мощным методом изучения физико-химических процессов, происходящих в растворе, на электроде и границе раздела электрод-раствор. Раскрытию этих возможностей на современном уровне путем углубленного понимания ВА и посвящена эта книга. Книга предназначена для студентов старших курсов, магистрантов, аспирантов, преподавателей вузов и научных работников, занимающихся электрохимией и электроанализом, а также использующих вольтамперо-метрию в своих исследованиях.
|
| 606 |
1 |
|
|a Вольтамперометрия
|2 stltpush
|3 (RuTPU)RU\TPU\subj\3652
|9 32036
|
| 610 |
1 |
|
|a равновесная электрохимия
|
| 610 |
1 |
|
|a уравнение Нернста
|
| 610 |
1 |
|
|a электронная кинетика
|
| 610 |
1 |
|
|a диффузия
|
| 610 |
1 |
|
|a циклическая вольтамперометрия
|
| 610 |
1 |
|
|a микроэлектроды
|
| 610 |
1 |
|
|a гетерогенные поверхности
|
| 610 |
1 |
|
|a электроанализ
|
| 675 |
|
|
|a 543.552
|v 3
|
| 700 |
|
1 |
|a Комптон
|b Р. Г.
|c английский химик
|c профессор Оксфордского университета, старший научный сотрудник Томского политехнического университета, доктор наук
|f 1955-
|g Ричард Гай
|2 stltpush
|3 (RuTPU)RU\TPU\pers\42942
|9 21594
|
| 701 |
|
1 |
|a Бэнкс
|b К. Е.
|g Крэйг
|
| 712 |
0 |
2 |
|a Национальный исследовательский Томский политехнический университет (ТПУ)
|c (2009- )
|2 stltpush
|3 (RuTPU)RU\TPU\col\15902
|
| 801 |
|
1 |
|a RU
|b 63413507
|c 20160427
|
| 801 |
|
2 |
|a RU
|b 63413507
|c 20190208
|g RCR
|
| 900 |
|
|
|a Электрохимия
|
| 942 |
|
|
|c BK
|